Căn bản về điện và điện tử; T2

Đã lưu trong:
書目詳細資料
主要作者: Delton T Horn
格式: 圖書
語言:Undetermined
出版: Tp. HCM Nxb. Tp. HCM 2000
主題:
標簽: 添加標簽
沒有標簽, 成為第一個標記此記錄!
Thư viện lưu trữ: Trung tâm Học liệu Trường Đại học Cần Thơ
LEADER 00583nam a2200169Ia 4500
001 CTU_37873
008 210402s9999 xx 000 0 und d
082 |a 621.381 
082 |b H813/T2 
100 |a Delton T Horn 
245 0 |a Căn bản về điện và điện tử; T2 
245 0 |c Delton T Horn 
260 |a Tp. HCM 
260 |b Nxb. Tp. HCM 
260 |c 2000 
650 |a electronic apparatus and appliances,electronic circuits,electronic engineering,electronics,semiconductors,spare parts,transistors 
980 |a Trung tâm Học liệu Trường Đại học Cần Thơ